000 01249nam a2200337Ia 4500
001 dia_4464
003 CHAP
005 20251023170214.0
008 220117s2007 xx 000 0 und d
010 _a175127
020 _a978-84-8476-310-9 \ 84-8476-310-2
040 _cCHAP
082 _a301.3 G66 2007
100 _aGómez Orea, Domingo
_949838
245 _aEvaluación ambiental estratégica : un instrumento para integrar el medio ambiente en la elaboración de planes y programas /
_c Domingo Gómez Orea ; colaboración Mauricio Gómez Villarino y Alejandro Gómez Villarino
260 _aEspaña :
_b Mundi-Prensa,
_c2007
300 _a366 p.
503 _aC/e
504 _aBibliografía: p. 361-364
590 _aTD194.6 G66 2007
650 _aAspectos ambientales
_xEvaluación
_9155931
650 _aEnvironmental impact analysis
_9155932
650 _aEnvironmental policy
_9155933
650 _aPlanificación social
_xAspectos ambientales
_xEvaluación
_9155934
700 _a Gómez Villarino, Alejandro
_9143609
700 _aGómez Villarino, Mauricio
_9143610
901 _a301.3 G66 2007
902 _aM
905 _a5232272007 sp aimn8222223322spa16
942 _cLIBRO
_2ddc
999 _c175127
_d175127